00445pab a2200157 454500008004000000100001200040245008600052260000900138300001500147362000800162650003100170650002300201650001500224700001500239773003300254180718b2009 xxu||||| |||| 00| 0 eng d aXu, Hua aPersonal income tax policy in China and the United States: a comparative analysis c2009 ap.S75-S81. aDec aIncome tax - United States aIncome tax - China aIncome tax aCui, Huiyu aPublic Administration Review